000 00505nam a22001937a 4500
003 SEACOMMC
005 20250430144154.0
008 231109b |||||||| |||| 00| 0 eng d
020 _cRs. 125.00
040 _aSEACOMMC
082 _a005.1
_bKHA
100 1 _aKhan, R.A.
245 1 _aSoftware Quality /
_bconcept and practice
_cR.A. Khan, K. Mustafa and S.J. Ahson
260 _aNew Delhi
_bNarosa
_c2006
650 _aComputer science
650 _aProgramming
700 1 _aAhson, S.J.
942 _cBOOK
999 _c337
_d337